Historický pohľad na zamestnanosť žien v Európskej únii
Zamestnanosť žien z pohľadu vývoja Európskej únie od založenia Európskeho spoločenstva až po súčasnosť. Prehľad zákonov, článkov, smerníc, právnych predpisov, ktoré sú venované tejto problematike. Inštitúcie a organizácie zamerané na zamestnanosť žien. Sociálne modely v Európskej únii.
Salvato in:
| Autore principale: | |
|---|---|
| Natura: | Capitolo di libro |
| Lingua: | slovacco |
| Soggetti: | |
| Tags: |
Nessun Tag, puoi essere il primo ad aggiungerne!!
|
MARC
| LEADER | 00000nla$a2200000$$$4500 | ||
|---|---|---|---|
| 001 | 0145422 | ||
| 005 | 20240502072622.0 | ||
| 041 | 0 | |a slo | |
| 044 | |a SK | ||
| 245 | 1 | 0 | |a Historický pohľad na zamestnanosť žien v Európskej únii |c Stanislava Veselovská |
| 520 | |a Zamestnanosť žien z pohľadu vývoja Európskej únie od založenia Európskeho spoločenstva až po súčasnosť. Prehľad zákonov, článkov, smerníc, právnych predpisov, ktoré sú venované tejto problematike. Inštitúcie a organizácie zamerané na zamestnanosť žien. Sociálne modely v Európskej únii. | ||
| 610 | 2 | 0 | |a ženy |
| 610 | 2 | 0 | |a história |
| 610 | 2 | 0 | |a Európska únia |
| 610 | 2 | 0 | |a trh práce |
| 100 | 1 | |a Veselovská, Stanislava, 1957- | |